<?xml version="1.0" encoding="UTF-8"?>
<collection xmlns="http://www.loc.gov/MARC21/slim">
 <record>
  <leader>01738nam a22002657a 4500</leader>
  <controlfield tag="001">NCT_4_018954</controlfield>
  <controlfield tag="008">250512b        xxu||||| |||| 00| 0 vie d</controlfield>
  <datafield tag="999" ind1=" " ind2=" ">
   <subfield code="c">8919</subfield>
   <subfield code="d">8919</subfield>
  </datafield>
  <datafield tag="020" ind1=" " ind2=" ">
   <subfield code="a">9876045747186</subfield>
   <subfield code="c">533000</subfield>
  </datafield>
  <datafield tag="082" ind1="0" ind2="4">
   <subfield code="2">23rd ed.</subfield>
   <subfield code="a">307.76</subfield>
   <subfield code="b">Th107P</subfield>
  </datafield>
  <datafield tag="245" ind1="0" ind2="0">
   <subfield code="a">Thành phố thông minh :</subfield>
   <subfield code="b">Nền tảng, nguyên lý và ứng dụng </subfield>
   <subfield code="c">Houbing Song... [et al.] (Biên soạn) ; Ngô Thành Nam (biên dịch)</subfield>
  </datafield>
  <datafield tag="250" ind1=" " ind2=" ">
   <subfield code="a">Xuất bản lần thứ 2 </subfield>
  </datafield>
  <datafield tag="260" ind1=" " ind2=" ">
   <subfield code="a">H. </subfield>
   <subfield code="b">Chính trị Quốc gia</subfield>
   <subfield code="c">2019</subfield>
  </datafield>
  <datafield tag="300" ind1=" " ind2=" ">
   <subfield code="a">1275 tr.</subfield>
   <subfield code="b">Minh họa </subfield>
   <subfield code="c">24 cm</subfield>
  </datafield>
  <datafield tag="500" ind1=" " ind2=" ">
   <subfield code="a">Tên sách tiếng Anh: Smart cities: Foundations, principles, and applications</subfield>
  </datafield>
  <datafield tag="520" ind1="3" ind2=" ">
   <subfield code="a">Gồm 29 bài nghiên cứu đề cập tới tất cả vấn đề cơ bản trong xây dựng một thành phố thông minh, giải quyết những thách thức, cơ hội tạo ra các thành phố này và hiệu quả của chúng. Phân tích các xu hướng có thể xảy ra trong tương lai, hệ thống các quan điểm khoa học để mở rộng ứng dụng đa lĩnh vực cho sự phát triển trong các thành phố thông minh</subfield>
  </datafield>
  <datafield tag="653" ind1=" " ind2=" ">
   <subfield code="a">Công nghệ thông tin </subfield>
  </datafield>
  <datafield tag="700" ind1="1" ind2=" ">
   <subfield code="a">Song, Houbing </subfield>
   <subfield code="e">Biên soạn </subfield>
  </datafield>
  <datafield tag="700" ind1="1" ind2=" ">
   <subfield code="a">Srinivasan, Ravi</subfield>
   <subfield code="e">Biên soạn </subfield>
  </datafield>
  <datafield tag="700" ind1="1" ind2=" ">
   <subfield code="a">Sookoor, Tamim </subfield>
   <subfield code="e">Biên soạn </subfield>
  </datafield>
  <datafield tag="700" ind1="1" ind2=" ">
   <subfield code="a">Jeschke, Sabina</subfield>
   <subfield code="e">Biên soạn </subfield>
  </datafield>
  <datafield tag="700" ind1="1" ind2=" ">
   <subfield code="a">Ngô Thành Nam </subfield>
   <subfield code="e">Biên dịch</subfield>
  </datafield>
  <datafield tag="942" ind1=" " ind2=" ">
   <subfield code="2">ddc</subfield>
   <subfield code="c">BK</subfield>
  </datafield>
  <datafield tag="952" ind1=" " ind2=" ">
   <subfield code="0">0</subfield>
   <subfield code="1">0</subfield>
   <subfield code="2">ddc</subfield>
   <subfield code="4">0</subfield>
   <subfield code="6">307_760000000000000_TH107P</subfield>
   <subfield code="7">0</subfield>
   <subfield code="9">30619</subfield>
   <subfield code="a">000001</subfield>
   <subfield code="b">000001</subfield>
   <subfield code="d">2025-05-12</subfield>
   <subfield code="o">307.76 Th107P</subfield>
   <subfield code="p">MD.23900</subfield>
   <subfield code="r">2025-05-12</subfield>
   <subfield code="v">533000.00</subfield>
   <subfield code="w">2025-05-12</subfield>
   <subfield code="y">BK</subfield>
  </datafield>
  <datafield tag="980" ind1=" " ind2=" ">
   <subfield code="a">Thư viện Trường Đại học Nam Cần Thơ</subfield>
  </datafield>
 </record>
</collection>
